Ba bai nian de cun luo = A village of eight hundred years : (Record no. 7137)
[ view plain ]
| 000 -LEADER | |
|---|---|
| fixed length control field | 00913nam a22002417a 4500 |
| 003 - CONTROL NUMBER IDENTIFIER | |
| control field | OSt |
| 005 - DATE AND TIME OF LATEST TRANSACTION | |
| control field | 20140310181924.0 |
| 008 - FIXED-LENGTH DATA ELEMENTS--GENERAL INFORMATION | |
| fixed length control field | 130719t xxu||||| |||| 00| 0 eng d |
| 020 ## - INTERNATIONAL STANDARD BOOK NUMBER | |
| International Standard Book Number | 780562920x |
| 050 ## - LIBRARY OF CONGRESS CALL NUMBER | |
| Classification number | NA 7449.F85 |
| Item number | .W959 2002 |
| 082 ## - DEWEY DECIMAL CLASSIFICATION NUMBER | |
| Classification number | TR 951.7 |
| Item number | W95 2002 |
| 100 ## - MAIN ENTRY--PERSONAL NAME | |
| Personal name | Wu, Guoping |
| 9 (RLIN) | 2259 |
| 245 ## - TITLE STATEMENT | |
| Title | Ba bai nian de cun luo = A village of eight hundred years : |
| Remainder of title | Peitian ji xing = a trip note of Peitian / |
| Statement of responsibility, etc | Guoping Wu. |
| 300 ## - PHYSICAL DESCRIPTION | |
| Extent | 178 p. |
| Other physical details | col. : ill. ; |
| Dimensions | 22 cm. |
| 521 ## - TARGET AUDIENCE NOTE | |
| Target audience note | |
| 541 ## - IMMEDIATE SOURCE OF ACQUISITION NOTE | |
| -- | 1 |
| 562 ## - COPY AND VERSION IDENTIFICATION NOTE | |
| Number of copies | 1 |
| 650 ## - SUBJECT ADDED ENTRY--TOPICAL TERM | |
| Topical term or geographic name as entry element | Architecture, Domestic |
| General subdivision | China |
| -- | Peitian (Liancheng Xian) |
| -- | Pictorial work |
| 9 (RLIN) | 2260 |
| 650 ## - SUBJECT ADDED ENTRY--TOPICAL TERM | |
| Topical term or geographic name as entry element | Vernacular architecture |
| General subdivision | China |
| -- | Peitian (Liancheng Xian) |
| -- | Pictorial works |
| 9 (RLIN) | 2261 |
| 650 ## - SUBJECT ADDED ENTRY--TOPICAL TERM | |
| Topical term or geographic name as entry element | Villages |
| General subdivision | China |
| -- | Liancheng Xian |
| -- | Pictorial works |
| 9 (RLIN) | 2262 |
| 650 ## - SUBJECT ADDED ENTRY--TOPICAL TERM | |
| Topical term or geographic name as entry element | Peitian (Liancheng Xian, China) |
| General subdivision | Description and travel |
| 9 (RLIN) | 2263 |
| 942 ## - ADDED ENTRY ELEMENTS (KOHA) | |
| Source of classification or shelving scheme | Library of Congress Classification |
| Koha item type | |
| Call number prefix | |
| Withdrawn status | Lost status | Source of classification or shelving scheme | Damaged status | Home library | Current library | Shelving location | Date acquired | Total Checkouts | Full call number | Barcode | Date last seen | Copy number | Price effective from | Koha item type |
|---|---|---|---|---|---|---|---|---|---|---|---|---|---|---|
| Library of Congress Classification | Luxembourg Library | Luxembourg Library | Teachers Reference Section | 07/19/2013 | NA 7449.F85 .W959 2002 | 12985 | 08/13/2013 | 1 | 07/19/2013 | Books |